000 00627nam a2200229 i 4500
001 C2-0075262
003 PPAK
005 20180727081501.0
008 970429s1986 enka|||| ||||| | eng d
040 _aPPAK
_beng
_cPPAK
_erda
082 0 4 _a641.5636
_223
090 0 0 _a641.5636
_bELL
_dR
100 1 _aElliot, Rose,
_eauthor
245 1 4 _aThe new vegetarian cookbook
264 1 _aLondon :
_bOctopus Books ,
_c1986.
300 _a144 pages :
_billustrations ;
_c24 cm
336 _2rdacontent
_atext
337 _2rdamedia
_aunmediated
338 _2rdacarrier
_avolume
650 1 0 _aVegetarian cookbook
942 _ddc
_cB
999 _c11119
_d11119